MUSLIM WO-MEN IN HIGHER EDUCATION IN INDIA/ (Record no. 213193)

MARC details
000 -LEADER
fixed length control field 00529nam a22001817a 4500
005 - DATE AND TIME OF LATEST TRANSACTION
control field 20250828120544.0
010 ## - LCCN (DPL NO)
LC control number ENG-146517
020 ## - INTERNATIONAL STANDARD BOOK NUMBER
International Standard Book Number 9789351711803
Terms of availability 1295.00
035 ## - SYSTEM CONTROL NUMBER
System control number EN-130049
037 ## - SOURCE OF ACQUISITION
Source of stock number/acquisition DBAD
082 ## - DEWEY DECIMAL CLASSIFICATION NUMBER
Classification number 305.4
100 ## - MAIN ENTRY--PERSONAL NAME
Personal name Tabassum, Shahla
245 ## - TITLE STATEMENT
Title MUSLIM WO-MEN IN HIGHER EDUCATION IN INDIA/
Statement of responsibility, etc SHAHLA TABASSUM
260 ## - PUBLICATION, DISTRIBUTION, ETC. (IMPRINT)
Place of publication, distribution, etc NEW DELHI
Name of publisher, distributor, etc RESEARCH INDIA PRESS
Date of publication, distribution, etc 2020
270 ## - ADDRESS
Address E-6/34 SANGAM VIHAR
City NEW DELHI
300 ## - PHYSICAL DESCRIPTION
Extent 182p.
Dimensions 22cm(Hbk)
942 ## - ADDED ENTRY ELEMENTS (KOHA)
Source of classification or shelving scheme Dewey Decimal Classification
Item type English Books
Classification part 305.4
Call number suffix Tab
Holdings
Withdrawn status Lost status Not for loan Collection code Home library Current library Date acquired Source of acquisition Cost, normal purchase price Full call number Barcode Copy number Cost, replacement price Koha item type
    Not For Loan Non-fiction D.B.Act.Division D.B.Act.Division 28/08/2025 DBAD 1295.00 305.4 Tab EN-130049 1 1295.00 English Books

© Delhi Public Library
Hit Counter
free hit counter